Métodos estadísticos de la econometría
Сохранить в:
| Главный автор: | |
|---|---|
| Формат: | |
| Язык: | испанский |
| Опубликовано: |
Barcelona
Ariel
1967
|
| Предметы: | |
| Метки: |
Добавить метку
Нет меток, Требуется 1-ая метка записи!
|
MARC
| LEADER | 00000nam a2200000 a 4500 | ||
|---|---|---|---|
| 001 | UCR8771 | ||
| 003 | CL-VaPUC | ||
| 008 | 980529e19670000SP |||||||||||||||||spa|d | ||
| 082 | 0 | 4 | |a 330.0151 |b MAL |2 21 |
| 100 | |a Malinvaud, Edmond |e autor |9 417055 | ||
| 245 | 1 | 0 | |a Métodos estadísticos de la econometría |
| 300 | |a 706 p | ||
| 942 | |c BK | ||
| 945 | |d 19980529 00:00:00 |a crobeson | ||
| 260 | |a Barcelona |b Ariel |c 1967 | ||
| 650 | 0 | |a Econometría |9 261029 | |
| 650 | 0 | |a Economía matemática |9 270388 | |
| 650 | 0 | |a Estadística |9 259535 | |
| 650 | 0 | |a Modelos matemáticos |9 259437 | |
| 583 | |a last modification |c 19980529 00:00:00 |k Rodrigo Vera | ||
| 999 | |c 270164 |d 270162 | ||
| 952 | |0 0 |1 0 |4 0 |6 330_015100000000000_MAL_1967 |7 0 |8 P |9 304305 |a BIBENE |b BIBENE |d 2019-11-20 |i 1993100 |o 330.0151 MAL 1967 |p 1993100 |r 2025-01-15 |w 2019-11-20 |y BK |k ICO | ||
| 952 | |0 0 |1 0 |4 0 |6 330_015100000000000_MAL_1967 |7 0 |8 P |9 304306 |a BIBGIM |b BIBGIM |d 2019-11-20 |i 1993119 |o 330.0151 MAL 1967 |p 1993119 |r 2025-01-15 |w 2019-11-20 |y BK |k COM | ||